00991 2200349 4500001002100000005001500021035002000036007000300056040001700059100002800076245007200104300003200176041000800208082001400216084002000230090002000250264003300270336002100303337003000324338002300354650001400377850001000391008004100401250001200442700003700454504002500491990002500516990002500541990002500566990002500591990002500616INLIS00000000000847620260519010645 a0010-0922000965ta aSBPUPADbind0 aKiki T. ZakiePengarang1 aBudi Daya Bunga Potong Mawar /cKiki T. Zaki; Editor, Ugan T. Aceng avi,58 hlm. :bilus. ;c21cm07aind a582.636 9 a582.636 9 KIK b a650 COR k L21-4 a.--Bandung :bP&G Kilat Jaya 2rdacontentateks 2rdamediaatanpa perantara 2rdacarrieravolume 4aBudi Daya aPUPAD260519 0  a.-cet.10 aEditor, Ugan T. AcengePengarang abibiliografi, hlm 57 a8772/H/KAPD-PDG/2009 a8771/H/KAPD-PDG/2009 a8774/H/KAPD-PDG/2009 a8773/H/KAPD-PDG/2009 a8775/H/KAPD-PDG/2009